| 000 | 00619cam a2200193 4500500 | ||
|---|---|---|---|
| 005 | 20260405000323.0 | ||
| 041 | _afre | ||
| 042 | _adc | ||
| 100 | 1 | 0 |
_aTerestchenko, Michel _eauthor |
| 245 | 0 | 0 | _aLe « choc des civilisations »: critique d’un slogan géopolitique |
| 260 | _c2006. | ||
| 500 | _a18 | ||
| 690 | _aCivilisations | ||
| 690 | _aIslam | ||
| 690 | _aOccident | ||
| 690 | _aSamuel Huntington | ||
| 786 | 0 | _nPhilosophie magazine | 4 | 10-11 | 2006-11-01 | p. 8-8 | 1951-1787 | |
| 856 | 4 | 1 | _uhttps://shs.cairn.info/magazine-philosophie-magazine-2006-10-11-page-8?lang=fr&redirect-ssocas=7080 |
| 999 |
_c2035902 _d2035902 |
||